[Event "43º Torneo Internacional de Ajedrez de La Roda"]
[Site "La Roda (Albacete) - ESPAÑA"]
[Date "2016.03.27"]
[Round "9"]
[Board "3"]
[White "Alvarez Pedraza, Aramis"]
[Black "Bachmann, Axel"]
[Result "1/2-1/2"]
[WhiteElo "2440"]
[BlackElo "2609"]
[PlyCount "36"]
[EventDate "2016.03.23"]
[EventRounds "9"]
[EventCountry "ESP"]

1. d4 g6 2. Nf3 Bg7 3. c3 Nf6 4. Bg5 d6 5. Nbd2 h6 6. Bh4 g5 7. Bg3 Nh5 8. e3
e6 9. Ng1 Nxg3 10. hxg3 Qe7 11. Bd3 c5 12. Ne2 Nc6 13. g4 Bd7 14. Ng3 Rf8 15.
Nh5 Bh8 16. Ng3 Bg7 17. Nh5 Bh8 18. Ng3 Bg7 1/2-1/2

[Event "43º Torneo Internacional de Ajedrez de La Roda"]
[Site "La Roda (Albacete) - ESPAÑA"]
[Date "2016.03.27"]
[Round "9"]
[Board "4"]
[White "Greenfeld, Alon"]
[Black "Stella, Andrea"]
[Result "1/2-1/2"]
[WhiteElo "2537"]
[BlackElo "2419"]
[PlyCount "21"]
[EventDate "2016.03.23"]
[EventRounds "9"]
[EventCountry "ESP"]

1. c4 g6 2. g3 Bg7 3. Bg2 c5 4. Nc3 Nc6 5. Nf3 d6 6. O-O e6 7. a3 Nge7 8. b4 b6
9. Bb2 O-O 10. Rb1 Rb8 11. Ba1 1/2-1/2

[Event "43º Torneo Internacional de Ajedrez de La Roda"]
[Site "La Roda (Albacete) - ESPAÑA"]
[Date "2016.03.27"]
[Round "9"]
[Board "5"]
[White "Alshameary Puente, Ismael"]
[Black "Perez Candelario, Manuel"]
[Result "0-1"]
[WhiteElo "2335"]
[BlackElo "2562"]
[PlyCount "88"]
[EventDate "2016.03.23"]
[EventRounds "9"]
[EventCountry "ESP"]

1. d4 d6 2. Nf3 g6 3. c4 Bg7 4. g3 Nd7 5. Bg2 e5 6. Nc3 Ne7 7. O-O O-O 8. dxe5
dxe5 9. h3 h6 10. Qc2 f5 11. Rd1 c6 12. e4 Qe8 13. b3 f4 14. Ba3 g5 15. Rd3 Rf7
16. Rad1 Ng6 17. R1d2 Bf8 18. Bxf8 Ndxf8 19. Rd8 Qe7 20. Na4 Kh7 21. c5 Ne6 22.
R8d6 Nef8 23. Rd8 Ne6 24. R8d6 Nef8 25. g4 h5 26. gxh5 Nh4 27. Qc3 Nxf3+ 28.
Qxf3 g4 29. hxg4 Rg7 30. Bh3 Ne6 31. Qc3 Ng5 32. Rg6 Rxg6 33. hxg6+ Kxg6 34.
Qd3 Be6 35. Bg2 Rh8 36. f3 Qh7 37. Qd6 Kf6 38. Rd1 Qh2+ 39. Kf1 Qg3 40. Qd3 Kg6
41. Nc3 Rh2 42. Qe2 Bxg4 43. fxg4 Qxc3 44. Kg1 f3 0-1

[Event "43º Torneo Internacional de Ajedrez de La Roda"]
[Site "La Roda (Albacete) - ESPAÑA"]
[Date "2016.03.27"]
[Round "9"]
[Board "6"]
[White "Ibarra Jerez, Jose Carlos"]
[Black "Santiago, Yago De Moura"]
[Result "1/2-1/2"]
[WhiteElo "2561"]
[BlackElo "2409"]
[PlyCount "48"]
[EventDate "2016.03.23"]
[EventRounds "9"]
[EventCountry "ESP"]

1. e4 e6 2. d4 d5 3. Bd3 dxe4 4. Bxe4 Nf6 5. Bf3 Nbd7 6. Ne2 e5 7. O-O Bd6 8.
Ng3 O-O 9. Nf5 e4 10. Be2 Nb8 11. Nxd6 Qxd6 12. Na3 Nc6 13. c3 Bf5 14. Nc4 Qd7
15. Ne3 Nd5 16. Nxd5 Qxd5 17. Bf4 Qd7 18. Qb3 Rab8 19. d5 Ne7 20. Rad1 Ng6 21.
Bg3 b5 22. Qa3 Bg4 23. Bxg4 Qxg4 24. Bxc7 Rbc8 1/2-1/2

[Event "43º Torneo Internacional de Ajedrez de La Roda"]
[Site "La Roda (Albacete) - ESPAÑA"]
[Date "2016.03.27"]
[Round "9"]
[Board "7"]
[White "Lopez Martinez, Josep Manuel"]
[Black "Valmana Canto, Jaime"]
[Result "1-0"]
[WhiteElo "2549"]
[BlackElo "2405"]
[PlyCount "55"]
[EventDate "2016.03.23"]
[EventRounds "9"]
[EventCountry "ESP"]

1. Nf3 Nf6 2. c4 e6 3. d4 d5 4. Bg5 Bb4+ 5. Nc3 Nbd7 6. cxd5 exd5 7. Nd2 c6 8.
e3 O-O 9. Bd3 Re8 10. O-O Be7 11. Rb1 a5 12. a3 Nf8 13. Qc2 Bg4 14. b4 axb4 15.
axb4 b5 16. Bxf6 Bxf6 17. Nb3 Bh5 18. Na5 Re6 19. Ne2 Bxe2 20. Bxe2 Qb6 21.
Rfc1 Ra6 22. Bg4 Rd6 23. Bc8 Ra8 24. Nb7 Be7 25. Nxd6 Bxd6 26. Qxc6 Qxc6 27.
Rxc6 Bxb4 28. g3 1-0

[Event "43º Torneo Internacional de Ajedrez de La Roda"]
[Site "La Roda (Albacete) - ESPAÑA"]
[Date "2016.03.27"]
[Round "9"]
[Board "8"]
[White "Santos Ruiz, Miguel"]
[Black "Sedlak, Nikola"]
[Result "1/2-1/2"]
[WhiteElo "2416"]
[BlackElo "2547"]
[PlyCount "44"]
[EventDate "2016.03.23"]
[EventRounds "9"]
[EventCountry "ESP"]

1. e4 e6 2. d4 d5 3. Nd2 a6 4. Ngf3 c5 5. exd5 exd5 6. dxc5 Bxc5 7. Nb3 Be7 8.
Bd3 Nf6 9. h3 O-O 10. Bf4 Nc6 11. O-O Ne4 12. Re1 Bf6 13. c3 Bf5 14. Nbd4 Bg6
15. Nxc6 bxc6 16. Ne5 Bxe5 17. Bxe5 Qg5 18. Bd4 a5 19. c4 Rad8 20. cxd5 Qxd5
21. Bxe4 Bxe4 22. Bc3 Qxd1 1/2-1/2

[Event "43º Torneo Internacional de Ajedrez de La Roda"]
[Site "La Roda (Albacete) - ESPAÑA"]
[Date "2016.03.27"]
[Round "9"]
[Board "9"]
[White "Perez Mitjans, Orelvis"]
[Black "Ramiro Ovejero, Juan Luis"]
[Result "1/2-1/2"]
[WhiteElo "2442"]
[BlackElo "2377"]
[PlyCount "75"]
[EventDate "2016.03.23"]
[EventRounds "9"]
[EventCountry "ESP"]

1. e4 c5 2. Nf3 d6 3. c3 Nf6 4. h3 Nc6 5. Bd3 g6 6. O-O Bg7 7. Re1 O-O 8. Bf1
e5 9. d4 exd4 10. cxd4 Nxd4 11. Nxd4 cxd4 12. Bg5 Qa5 13. Bd2 Qb6 14. Na3 d5
15. exd5 Nxd5 16. Nc4 Qd8 17. Qb3 b6 18. Ne5 Qd6 19. Nc4 Qf6 20. Qg3 h6 21. Ne5
Re8 22. f4 Be6 23. Bb5 Red8 24. Re2 Ne3 25. Bxe3 dxe3 26. Qxe3 Rac8 27. Rae1 g5
28. fxg5 hxg5 29. a4 Rc5 30. Nc6 Rd6 31. Rf1 Qh6 32. Qf3 g4 33. Ne7+ Kh8 34.
Qa8+ Bf8 35. Ng6+ Kg8 36. Nxf8 Qxf8 37. Qxf8+ Kxf8 38. hxg4 1/2-1/2

[Event "43º Torneo Internacional de Ajedrez de La Roda"]
[Site "La Roda (Albacete) - ESPAÑA"]
[Date "2016.03.27"]
[Round "9"]
[Board "10"]
[White "Plaskett, H James"]
[Black "Ladron De Guevara Pinto, Paolo"]
[Result "1-0"]
[WhiteElo "2438"]
[BlackElo "2353"]
[PlyCount "87"]
[EventDate "2016.03.23"]
[EventRounds "9"]
[EventCountry "ESP"]

1. e4 e5 2. Nf3 Nc6 3. Bb5 g6 4. c3 a6 5. Ba4 d6 6. d4 Bd7 7. O-O Bg7 8. Re1
Nge7 9. d5 Nb8 10. c4 O-O 11. Nc3 h6 12. b4 Bxa4 13. Nxa4 f5 14. Bb2 Nd7 15.
Nd2 Nf6 16. Rc1 Rf7 17. Nc3 f4 18. c5 g5 19. b5 axb5 20. Nxb5 Ng6 21. cxd6 cxd6
22. Nc4 Bf8 23. a4 g4 24. Ba3 Ra6 25. Rc3 Kh7 26. Qc2 Ne8 27. Nd2 Qh4 28. Rc8
g3 29. Nf3 gxf2+ 30. Qxf2 Qxf2+ 31. Kxf2 Nf6 32. Nc3 Rb6 33. h3 Rb3 34. Bc1 Be7
35. Nd2 Rb4 36. Ba3 Rd4 37. Nf3 Rd3 38. Ke2 Rxc3 39. Rxc3 Nxe4 40. Rc7 Kg7 41.
Rxb7 Nc3+ 42. Kd3 Nxd5 43. a5 Kf6 44. Bc1 1-0

[Event "43º Torneo Internacional de Ajedrez de La Roda"]
[Site "La Roda (Albacete) - ESPAÑA"]
[Date "2016.03.27"]
[Round "9"]
[Board "11"]
[White "Pilgaard, Kim"]
[Black "Martinez Reyes, Pedro Ramon"]
[Result "1/2-1/2"]
[WhiteElo "2377"]
[BlackElo "2315"]
[PlyCount "66"]
[EventDate "2016.03.23"]
[EventRounds "9"]
[EventCountry "ESP"]

1. d4 d5 2. c4 e6 3. Nc3 Be7 4. Nf3 Nf6 5. Bg5 Nbd7 6. e3 h6 7. Bh4 O-O 8. Rc1
c5 9. cxd5 Nxd5 10. Bxe7 Nxe7 11. Be2 cxd4 12. Nxd4 a6 13. O-O Nf6 14. Bf3 Rb8
15. Nb3 Bd7 16. Qc2 Bc6 17. Rfd1 Qb6 18. Bxc6 Nxc6 19. Na4 Qb5 20. Nac5 Rfd8
21. h3 Nb4 22. Rxd8+ Rxd8 23. Qb1 Rc8 24. Nd4 Qb6 25. Na4 Qd8 26. a3 Rxc1+ 27.
Qxc1 Nbd5 28. Qc2 Nd7 29. Nc5 Nxc5 30. Qxc5 Qc7 31. Qxc7 Nxc7 32. Kf1 Kf8 33.
Ke2 Ke7 1/2-1/2

[Event "43º Torneo Internacional de Ajedrez de La Roda"]
[Site "La Roda (Albacete) - ESPAÑA"]
[Date "2016.03.27"]
[Round "9"]
[Board "12"]
[White "Forcen Esteban, Daniel"]
[Black "Moreno Ibanez, Miguel"]
[Result "1-0"]
[WhiteElo "2549"]
[BlackElo "2286"]
[PlyCount "95"]
[EventDate "2016.03.23"]
[EventRounds "9"]
[EventCountry "ESP"]

1. d4 Nf6 2. c4 e6 3. Nf3 d5 4. e3 c5 5. cxd5 exd5 6. Bb5+ Nc6 7. O-O cxd4 8.
Nxd4 Bd7 9. Nc3 Bd6 10. Be2 a6 11. Bf3 Qc7 12. g3 h5 13. Nxd5 Nxd5 14. Bxd5 h4
15. Nxc6 Bxc6 16. Qf3 hxg3 17. Bxc6+ Qxc6 18. Qxc6+ bxc6 19. hxg3 O-O-O 20. Kg2
Be5 21. Rb1 g5 22. b3 g4 23. Bb2 Bxb2 24. Rxb2 Rd5 25. Rc2 Kb7 26. Rfc1 Rh6 27.
Rc4 Rg6 28. Rb4+ Rb5 29. Rf4 f5 30. b4 Rd6 31. Rcc4 Rd2 32. a4 Re5 33. e4 fxe4
34. Rcxe4 Rxe4 35. Rxe4 Ra2 36. a5 c5 37. Rxg4 cxb4 38. Rxb4+ Kc7 39. g4 Rxa5
40. Kg3 Ra1 41. g5 a5 42. Rd4 a4 43. Kg4 a3 44. Ra4 Kd7 45. Kf5 Ke7 46. f4 a2
47. Ra7+ Ke8 48. g6 1-0

[Event "43º Torneo Internacional de Ajedrez de La Roda"]
[Site "La Roda (Albacete) - ESPAÑA"]
[Date "2016.03.27"]
[Round "9"]
[Board "13"]
[White "Matamoros Franco, Carlos S."]
[Black "Suarez Uriel, Adrian"]
[Result "1/2-1/2"]
[WhiteElo "2523"]
[BlackElo "2310"]
[PlyCount "32"]
[EventDate "2016.03.23"]
[EventRounds "9"]
[EventCountry "ESP"]

1. Nf3 g6 2. c4 Bg7 3. g3 Nf6 4. Bg2 c5 5. Nc3 Nc6 6. O-O O-O 7. d4 cxd4 8.
Nxd4 Qb6 9. Nc2 d6 10. b3 Be6 11. Bd2 Rfc8 12. Rc1 a6 13. Ne3 Qd8 14. Ned5 Rab8
15. Nxf6+ Bxf6 16. Nd5 Bg7 1/2-1/2

[Event "43º Torneo Internacional de Ajedrez de La Roda"]
[Site "La Roda (Albacete) - ESPAÑA"]
[Date "2016.03.27"]
[Round "9"]
[Board "14"]
[White "Fontana Sotomayor, Luis Javier"]
[Black "Cifuentes Parada, Roberto"]
[Result "0-1"]
[WhiteElo "2315"]
[BlackElo "2469"]
[PlyCount "122"]
[EventDate "2016.03.23"]
[EventRounds "9"]
[EventCountry "ESP"]

1. e4 d6 2. d4 Nf6 3. Nc3 e5 4. f3 Be7 5. Be3 O-O 6. Nge2 exd4 7. Nxd4 d5 8. e5
c5 9. exf6 Bxf6 10. Be2 Re8 11. Bf2 cxd4 12. Bxd4 Nc6 13. Bxf6 Qxf6 14. O-O d4
15. Ne4 Qg6 16. Bb5 Bf5 17. Bxc6 Qxc6 18. Ng3 Qxc2 19. Rf2 Qxd1+ 20. Rxd1 Be6
21. b3 Red8 22. Rfd2 Kf8 23. Rxd4 Rxd4 24. Rxd4 Rc8 25. Rd2 Ke7 26. Kf2 a5 27.
Nh5 g5 28. Ng3 Rc1 29. Ne2 Ra1 30. Nc3 h6 31. Ke3 Rc1 32. Kd4 f5 33. Na4 Kd6
34. Nb6 Kc6 35. Nc4 a4 36. Ne5+ Kb5 37. bxa4+ Kxa4 38. Nd3 Rc7 39. Ke5 Rc6 40.
Rb2 Bc4 41. Kd4 Bxd3 42. Kxd3 b5 43. Re2 b4 44. Re7 Rc3+ 45. Kd2 Ka3 46. Ra7+
Kb2 47. Ra4 Rc2+ 48. Ke1 Kc3 49. Kf1 Rb2 50. h3 f4 51. Ra6 Rc2 52. Ra4 Rd2 53.
Kg1 Rd3 54. Kf2 Kc4 55. Ke2 Ra3 56. Rxa3 bxa3 57. Kd2 Kd4 58. Ke2 Kc3 59. Kd1
Kb2 60. Kd2 Kxa2 61. Kc2 h5 0-1

[Event "43º Torneo Internacional de Ajedrez de La Roda"]
[Site "La Roda (Albacete) - ESPAÑA"]
[Date "2016.03.27"]
[Round "9"]
[Board "15"]
[White "Garcia Martin, Marta"]
[Black "Campora, Daniel H."]
[Result "0-1"]
[WhiteElo "2260"]
[BlackElo "2449"]
[PlyCount "104"]
[EventDate "2016.03.23"]
[EventRounds "9"]
[EventCountry "ESP"]

1. e4 d6 2. d4 Nf6 3. Nc3 g6 4. Nf3 Bg7 5. Be2 O-O 6. O-O Na6 7. h3 c5 8. d5
Nc7 9. Re1 Rb8 10. a4 b6 11. Bc4 Nd7 12. Bf4 a6 13. Qd3 Ne5 14. Nxe5 dxe5 15.
Be3 Qd6 16. Qd2 Bd7 17. Bf1 f5 18. exf5 gxf5 19. f4 Kh8 20. Kh1 e4 21. a5 b5
22. Qf2 c4 23. Bc5 Qf6 24. Rad1 Ne8 25. Re3 Qf7 26. Rg3 Bf6 27. Bd4 Ng7 28. Be2
Bxd4 29. Qxd4 Qf6 30. Na2 Qxd4 31. Rxd4 Rf6 32. Nb4 Rd6 33. Ra3 Rd8 34. Ra1 Bc8
35. c3 Bb7 36. Rad1 Kg8 37. g4 Kf8 38. Kh2 e6 39. Nc6 Rc8 40. Nb4 exd5 41. Nxd5
Ne6 42. Ne3 Rxd4 43. cxd4 Nxf4 44. Bf1 fxg4 45. hxg4 Nd3 46. Rd2 Rd8 47. Kg3
Rxd4 48. Rh2 Rd7 49. Nf5 b4 50. Ne3 Rc7 51. Rc2 c3 52. bxc3 b3 0-1

[Event "43º Torneo Internacional de Ajedrez de La Roda"]
[Site "La Roda (Albacete) - ESPAÑA"]
[Date "2016.03.27"]
[Round "9"]
[Board "16"]
[White "Fernandez Lledo, Javier"]
[Black "Suarez Gomez, Julio"]
[Result "0-1"]
[WhiteElo "2250"]
[BlackElo "2406"]
[PlyCount "118"]
[EventDate "2016.03.23"]
[EventRounds "9"]
[EventCountry "ESP"]

1. e4 e6 2. d4 d5 3. Nd2 c5 4. exd5 Qxd5 5. Ngf3 cxd4 6. Bc4 Qd8 7. O-O a6 8.
a4 Nc6 9. Nb3 Nf6 10. Nbxd4 Nxd4 11. Nxd4 Bd6 12. h3 Qc7 13. Qe2 O-O 14. Be3
Bd7 15. Rfd1 Rac8 16. Bb3 e5 17. Nf3 Bc6 18. a5 h6 19. Bb6 Qe7 20. Nh4 Be4 21.
Rdc1 Bh7 22. c3 e4 23. g3 Bc5 24. Bxc5 Rxc5 25. Ra4 Qc7 26. Rca1 Re8 27. Ng2
Bf5 28. Nf4 Bd7 29. Rc4 Ree5 30. Rxc5 Rxc5 31. Rd1 Bc6 32. Qd2 g5 33. Ng2 Rxa5
34. Ne3 Qd7 35. Qe2 Qxh3 36. Qc4 Qh5 37. Qd4 Nd7 38. g4 Qh3 39. Bd5 Bxd5 40. b4
Be6 41. bxa5 Bxg4 42. Nxg4 Qxg4+ 43. Kf1 Ne5 44. Qd8+ Kh7 45. Qd5 Qh3+ 46. Ke2
Qf3+ 47. Ke1 Qxc3+ 48. Kf1 Qh3+ 49. Ke2 Qf3+ 50. Ke1 Qc3+ 51. Kf1 Qc4+ 52. Kg2
Qxd5 53. Rxd5 Nc6 54. Kg3 Kg6 55. Kg4 h5+ 56. Kg3 f6 57. Kg2 h4 58. Kh2 g4 59.
Kg2 f5 0-1

[Event "43º Torneo Internacional de Ajedrez de La Roda"]
[Site "La Roda (Albacete) - ESPAÑA"]
[Date "2016.03.27"]
[Round "9"]
[Board "17"]
[White "Quintin Navarro, Alberto"]
[Black "Esplugas Esteve, Vicenc"]
[Result "1-0"]
[WhiteElo "2355"]
[BlackElo "2256"]
[PlyCount "51"]
[EventDate "2016.03.23"]
[EventRounds "9"]
[EventCountry "ESP"]

1. d4 e6 2. Nf3 c5 3. e3 Nf6 4. Bd3 b6 5. O-O Bb7 6. c4 Be7 7. Nc3 cxd4 8. exd4
O-O 9. d5 Na6 10. Bf4 Bb4 11. Rc1 Bxc3 12. Rxc3 Nc5 13. Bg5 d6 14. Bb1 h6 15.
Bh4 e5 16. b4 Ncd7 17. Nd2 g5 18. Rg3 Kh8 19. Bxg5 hxg5 20. Ne4 Nxe4 21. Qh5+
Kg7 22. Bxe4 Rg8 23. f4 Kf8 24. fxg5 Qe8 25. g6 f6 26. Bf5 1-0

[Event "43º Torneo Internacional de Ajedrez de La Roda"]
[Site "La Roda (Albacete) - ESPAÑA"]
[Date "2016.03.27"]
[Round "9"]
[Board "18"]
[White "Lopez Rivera, Jesus"]
[Black "Garcia Trobat, Francisco"]
[Result "0-1"]
[WhiteElo "2337"]
[BlackElo "2232"]
[PlyCount "50"]
[EventDate "2016.03.23"]
[EventRounds "9"]
[EventCountry "ESP"]

1. e4 Nf6 2. e5 Nd5 3. d4 d6 4. Nf3 Bg4 5. Be2 e6 6. O-O Nc6 7. c4 Nb6 8. exd6
cxd6 9. d5 exd5 10. cxd5 Bxf3 11. Bxf3 Ne5 12. Be2 Be7 13. Nc3 O-O 14. a4 Rc8
15. Qb3 a5 16. Be3 Nec4 17. Bxb6 Nxb6 18. Rfe1 Nd7 19. Nb5 Nc5 20. Qg3 Bh4 21.
Qh3 Bxf2+ 22. Kxf2 Ne4+ 23. Ke3 Qg5+ 24. Kxe4 Rfe8+ 25. Kd3 Qg6+ 0-1

[Event "43º Torneo Internacional de Ajedrez de La Roda"]
[Site "La Roda (Albacete) - ESPAÑA"]
[Date "2016.03.27"]
[Round "9"]
[Board "19"]
[White "Jimenez Martinez, Jose Vicente"]
[Black "Bernabeu Lopez, Carlos Javier"]
[Result "1/2-1/2"]
[WhiteElo "2335"]
[BlackElo "2209"]
[PlyCount "21"]
[EventDate "2016.03.23"]
[EventRounds "9"]
[EventCountry "ESP"]

1. d4 Nf6 2. c4 e6 3. Nc3 d5 4. Nf3 Be7 5. Bf4 c6 6. e3 O-O 7. Rc1 Nbd7 8. h3
a6 9. a3 dxc4 10. Bxc4 c5 11. dxc5 1/2-1/2

[Event "43º Torneo Internacional de Ajedrez de La Roda"]
[Site "La Roda (Albacete) - ESPAÑA"]
[Date "2016.03.27"]
[Round "9"]
[Board "21"]
[White "Montoliu Cervero, Francisco"]
[Black "Jimenez Ramallo, Francisco J"]
[Result "1-0"]
[WhiteElo "2331"]
[BlackElo "1914"]
[PlyCount "51"]
[EventDate "2016.03.23"]
[EventRounds "9"]
[EventCountry "ESP"]

1. e4 e6 2. d4 d5 3. e5 c5 4. c3 Nc6 5. Nf3 Bd7 6. Be2 Nge7 7. Na3 cxd4 8. cxd4
Ng6 9. h4 Be7 10. g3 O-O 11. h5 Nh8 12. Nc2 f6 13. Ne3 fxe5 14. Nxe5 Nxe5 15.
dxe5 Qb6 16. O-O Rad8 17. Nc2 Rxf2 18. Rxf2 Bc5 19. Qe1 Rf8 20. Bf4 Qxb2 21.
Bd3 g5 22. Be3 Bxe3 23. Qxe3 Rxf2 24. Qxg5+ Kf8 25. Kxf2 Nf7 26. Qf4 1-0